Online
Catalog

Discurso del Dr. Antonio Rosario rector de la Universidad Autónoma de Santo Domingo en el acto solemne de investidura con motivo del 440 aniversario de la fundación de la universidad, el 28 de octubre 1978 / (Record no. 29985)

MARC details
000 -CABECERA
campo de control de longitud fija 00638nam a2200157 a 4500
001 - NÚMERO DE CONTROL
campo de control 000030493
005 - FECHA Y HORA DE LA ÚLTIMA TRANSACCIÓN
campo de control 20200930062336.0
008 - DATOS DE LONGITUD FIJA--INFORMACIÓN GENERAL
campo de control de longitud fija 110518s1978 dr 000 0 spa d
040 ## - FUENTE DE LA CATALOGACIÓN
Centro catalogador/agencia de origen DO-SdBNP
Lengua de catalogación spaBNPHU
082 ## - NÚMERO DE LA CLASIFICACIÓN DECIMAL DEWEY
Número de clasificación xxx
Número de documento/Ítem R789d
049 ## - FONDOS LOCALES (OCLC)
Fondos de biblioteca BNPD
100 1# - ENTRADA PRINCIPAL--NOMBRE DE PERSONA
Nombre de persona Rosario, Antonio
9 (RLIN) 22267
245 10 - MENCIÓN DE TÍTULO
Título Discurso del Dr. Antonio Rosario rector de la Universidad Autónoma de Santo Domingo en el acto solemne de investidura con motivo del 440 aniversario de la fundación de la universidad, el 28 de octubre 1978 /
Mención de responsabilidad, etc. Antonio Rosario.
260 ## - PUBLICACIÓN, DISTRIBUCIÓN, ETC.
Lugar de publicación, distribución, etc. Santo Domingo :
Nombre del editor, distribuidor, etc. Universidad Autónoma de Santo Domingo,
Fecha de publicación, distribución, etc. 1978.
300 ## - DESCRIPCIÓN FÍSICA
Extensión 16 p. ;
Dimensiones 21 cm.
Holdings
Estado de retiro Estado de pérdida No para préstamo Código de colección Localización permanente Ubicación/localización actual Ubicación en estantería Fecha de adquisición Número de inventario Total de préstamos Signatura topográfica completa Código de barras Fecha visto por última vez Precio válido a partir de Tipo de ítem Koha
    Excluido de préstamo Patrimonio Dominicano Patrimonio Dominicano Patrimonio Dominicano En catalogación 18.05.2011 LF1   xxx R789d 30493-10 25.06.2020 25.06.2020 Libro y Folleto Colección Patrimonio Dominicano

Powered by Koha